| 000 | 00977pam a2200277 a 4500 | ||
|---|---|---|---|
| 005 | 20260322212038.0 | ||
| 008 | data | ||
| 010 | _a 2006282330 | ||
| 020 | _a0345468902 (alk. paper) | ||
| 020 | _a9780345468901 (alk. paper) | ||
| 040 |
_aDLC _cDLC _dDLC |
||
| 050 | 0 | 0 |
_aAG105 _b.J64 2006 |
| 082 | 0 | 0 |
_a031.02 _222 |
| 092 | _a031.02 J64 2006 | ||
| 100 | 1 |
_aJones, Judy, _d1946- |
|
| 245 | 1 | 3 |
_aAn incomplete education : _b3,684 things you should have learned but probably didn't / _cJudy Jones & William Wilson. |
| 250 | _a3rd ed. | ||
| 260 |
_aNew York : _bBallantine Books, _cc2006. |
||
| 300 |
_axv, 699 p. : _bill. ; _c25 cm. |
||
| 500 | _aIncludes index. | ||
| 650 | 0 | _aHandbooks, vade-mecums, etc. | |
| 700 | 1 |
_aWilson, William, _d1948- |
|
| 856 | 4 | 2 |
_3Contributor biographical information _uhttp://www.loc.gov/catdir/enhancements/fy0702/2006282330-b.html |
| 856 | 4 | 2 |
_3Publisher description _uhttp://www.loc.gov/catdir/enhancements/fy0702/2006282330-d.html |
| 001 | data | ||
| 999 |
_c882 _d882 |
||